000
00322nam a2200133Ia 4500
008
210210b1971 xxu||||| |||| 00| 0 eng d
082
_a
823.8 STEB
100
_a
STEVENSON (R L).
245
_a
Black arrow.
260
_a
London
_b
Macmillan & Co. Ltd.
_c
1971
300
_a
142
690
_a
English Fiction
906
_a
030516
999
_c
81654
_d
81654